| 000 | 01546cam a2200373 a 4500 | ||
|---|---|---|---|
| 001 | EDZ0000083335 | ||
| 003 | StDuBDS | ||
| 005 | 20161031105143.0 | ||
| 006 | m||||||||d|||||||| | ||
| 007 | cr ||||||||||| | ||
| 008 | 120427s2011 caua fo| 001|0|eng|d | ||
| 020 |
_a9781446252031 (ebook) : _cNo price |
||
| 040 |
_aStDuBDS _beng _cStDuBDS _epn |
||
| 049 | _aAlfaisal Main Library | ||
| 050 | 4 | _aLB2900.5 | |
| 082 | 0 | 4 |
_a371.200941 _223 |
| 100 | 1 |
_aDavies, Brent, _d1949- |
|
| 245 | 1 | 0 |
_aLeading the strategically focused school _h[electronic resource] : _bsuccess and sustainability / _cBrent Davies. |
| 250 | _a2nd ed. | ||
| 260 |
_aLos Angeles, [Calif.] ; _aLondon : _bSAGE, _cc2011. |
||
| 300 |
_a1 online resource (xvi, 173 p.) : _bill. |
||
| 500 | _aPrevious ed.: London: Paul Chapman, 2006. | ||
| 520 | 8 | _aStrategic leadership is a critical component in the effective development of schools. Drawing upon research conducted by the National College for School Leadership, this text examines how this can be done. | |
| 504 | _aIncludes bibliographical references and index. | ||
| 521 | _aSpecialized. | ||
| 588 | _aDescription based on print version record. | ||
| 650 | 0 |
_aEducational leadership _zGreat Britain. |
|
| 650 | 0 |
_aStrategic planning _zGreat Britain. |
|
| 655 | 7 |
_aElectronic books. _2local |
|
| 710 | 2 | _aSage eBooks | |
| 776 | 0 | 8 |
_iPrint version : _z9781849208093 |
| 856 | 4 | 0 | _uhttp://ezproxy.alfaisal.edu/login?url=http://sk.sagepub.com/books/leading-the-strategically-focused-school-2e |
| 942 |
_2lcc _cEBOOKS |
||
| 999 |
_c480481 _d480481 |
||